The Weeknd - Toutes les chansons - Statistiques

Statistiques générales
  • Ce quiz a été pris 1 193 fois
    92 depuis la dernière actualisation
  • Le résultat moyen est 58 sur 185
Statistiques - réponses
Hint Réponse % Correct
Starboy 1 Starboy (feat. Daft Punk)
86%
House of Balloons 3 House of Balloons / Glass Table Girls
83%
After Hours 9 Blinding Lights
81%
After Hours 11 Save Your Tears
81%
After Hours 13 After Hours
80%
My Dear Melancholy 1 Call Out My Name
77%
Kiss Land 8 Kiss Land
70%
Starboy 17 Die for You
69%
Beauty Behind the Madness 5 The Hills
64%
Hurry Up Tomorrow 4 São Paulo (featuring Anitta)
63%
Hurry Up Tomorrow 22 Hurry Up Tomorrow
61%
Beauty Behind the Madness 7 Can't Feel My Face
60%
Starboy 18 I Feel It Coming (feat. Daft Punk)
60%
Hurry Up Tomorrow 13 Timeless (featuring Playboi Carti)
60%
Beauty Behind the Madness 4 Often
57%
Hurry Up Tomorrow 2 Cry For Me
56%
House of Balloons 5 Wicked Games
56%
Starboy 2 Party Monster
54%
Dawn FM 1 Dawn FM
53%
Singles 2023 One of the Girls (feat. Jennie & Lily-Rose Depp)
53%
House of Balloons 4 The Morning
53%
Thursday 3 Thursday
53%
After Hours 7 Heartless
51%
Starboy 8 Stargirl Interlude (feat. Lana Del Rey)
51%
House of Balloons 7 Coming Down
50%
Beauty Behind the Madness 9 Earned It (de Cinquante Nuances de Grey)
50%
Hurry Up Tomorrow 19 The Abyss (featuring Lana Del Rey)
50%
Hurry Up Tomorrow 1 Wake Me Up (featuring Justice)
50%
After Hours 10 In Your Eyes
49%
Dawn FM 10 Is There Someone Else?
49%
My Dear Melancholy 4 I Was Never There (feat. Gesaffelstein)
49%
Hurry Up Tomorrow 7 Open Hearts
49%
Starboy 4 Reminder
49%
Dawn FM 7 Out of Time
47%
Dawn FM 5 Sacrifice
47%
Collaborations 2022 Moth to a Flame de Swedish House Mafia
46%
My Dear Melancholy 2 Try Me
46%
Hurry Up Tomorrow 6 Baptized In Fear
44%
Echoes of Silence 9 Echoes of Silence
44%
House of Balloons 1 High for This
44%
After Hours 8 Faith
43%
My Dear Melancholy 5 Hurt You (feat. Gesaffelstein)
43%
Dawn FM 15 Less Than Zero
43%
After Hours 6 Escape from LA
41%
Collaborations 2014 Love Me Harder d'Ariana Grande
41%
Echoes of Silence 2 Montreal
41%
Thursday 5 The Birds, Pt. 1
41%
Thursday 6 The Birds, Pt. 2
41%
Echoes of Silence 1 D.D.
40%
Starboy 3 False Alarm
40%
Dawn FM 2 Gasoline
40%
Beauty Behind the Madness 10 In the Night
40%
Singles 2024 Popular (feat. Playboi Carti & Madonna)
40%
Dawn FM 4 Take My Breath
40%
House of Balloons 6 The Party & The After Party
40%
Hurry Up Tomorrow 14 Niagara
39%
My Dear Melancholy 6 Privilege
39%
Hurry Up Tomorrow 9 Reflections Laughing (featuring Travis Scott & Florence + the Machine)
39%
Beauty Behind the Madness 6 Acquainted
37%
After Hours 1 Alone Again
37%
Singles 2018 Pray for Me (feat. Kendrick Lamar)
37%
Beauty Behind the Madness 8 Shameless
37%
Singles 2023 Take Me Back
37%
Beauty Behind the Madness 14 Angel
36%
Dawn FM 9 Best Friends
36%
Kiss Land 1 Professional
36%
Starboy 9 Sidewalks (feat. Kendrick Lamar)
36%
After Hours 5 Snowchild
36%
Kiss Land 7 Wanderlust
36%
Kiss Land 11 Wanderlust (Pharrell Remix)
36%
Dawn FM 3 How Do I Make You Love Me?
34%
Collaborations 2019 Lost in the Fire de Gesaffelstein
34%
Starboy 14 Ordinary Life
34%
Starboy 6 Secrets
34%
After Hours 2 Too Late
34%
Echoes of Silence 4 XO / The Host
34%
Starboy 12 A Lonely Night
33%
Singles 2025 Dancing in the Flames
33%
Hurry Up Tomorrow 18 Drive
33%
Dawn FM 11 Starry Eyes
33%
Echoes of Silence 7 The Fall
33%
Thursday Bonus Track Valerie
33%
Beauty Behind the Madness 11 As You Are
31%
Hurry Up Tomorrow 16 Big Sleep (featuring Giorgio Moroder)
31%
House of Balloons 8 Loft Music
31%
Beauty Behind the Madness 13 Prisoner (feat. Lana Del Rey)
31%
Hurry Up Tomorrow 20 Red Terror
31%
Hurry Up Tomorrow 15 Take Me Back To LA
31%
House of Balloons 9 The Knowing
31%
Kiss Land 2 The Town
31%
Starboy 7 True Colors
31%
House of Balloons 2 What You Need
31%
Hurry Up Tomorrow 21 Without a Warning
31%
Kiss Land 3 Adaptation
30%
Collaborations 2023 Creepin' de Metro Boomin
30%
Hurry Up Tomorrow 17 Give Me Mercy
30%
Collaborations 2023 K-POP de Travis Scott (feat. Bad Bunny)
30%
Kiss Land 9 Pretty
30%
Starboy 5 Rockin'
30%
My Dear Melancholy 3 Wasted Times
30%
Thursday 1 Lonely Star
29%
After Hours 4 Scared to Live
29%
Beauty Behind the Madness 3 Tell Your Friends
29%
Hurry Up Tomorrow 8 Opening Night
27%
Starboy 10 Six Feet Under
27%
Kiss Land 10 Tears in the Rain
27%
Starboy 16 All I Know (feat. Future)
26%
Beauty Behind the Madness 12 Dark Times (feat. Ed Sheeran)
26%
Hurry Up Tomorrow 10 Enjoy The Show (featuring Future)
26%
After Hours 3 Hardest to Love
26%
Thursday 2 Life of the Party
26%
Kiss Land 4 Love in the Sky
26%
Starboy 15 Nothing Without You
26%
Collaborations 2013 Odd Look de Kavinsky
26%
Thursday 4 The Zone (feat. Drake)
26%
Hurry Up Tomorrow 3 I Can't Fucking Sing
24%
Hurry Up Tomorrow 12 I Can't Wait To Get There
24%
Dawn FM 14 I Heard You're Married (feat. Lil Wayne)
24%
Beauty Behind the Madness 2 Losers (featuring Labrinth)
24%
Echoes of Silence 8 Next
24%
After Hours 15 Nothing Compares
24%
Beauty Behind the Madness 1 Real Life
24%
Thursday 8 Rolling Stone
24%
House of Balloons 10 Twenty Eight
24%
After Hours 14 Until I Bleed Out
24%
Starboy 13 Attention
23%
Dawn FM 13 Don't Break My Heart
23%
Thursday 9 Heaven or Las Vegas
23%
Starboy 11 Love to Lay
23%
Collaborations 2016 Low Life de Future
23%
Echoes of Silence Bonus Track Till Dawn (Here Comes the Sun)
23%
Kiss Land 5 Belong to the World
21%
After Hours 17 Final Lullaby
21%
Thursday 7 Gone
21%
After Hours 16 Missed You
21%
Echoes of Silence 3 Outside
21%
After Hours 12 Repeat After Me (interlude)
21%
Hurry Up Tomorrow 5 Until We're Skin & Bones
21%
Dawn FM 8 Here We Go...Again (feat. Tyler, the Creator)
20%
Echoes of Silence 5 Initiation
20%
Echoes of Silence 6 Same Old Song (feat. Juicy J)
20%
Dawn FM 6 A Tale by Quincy
19%
Singles 2023 Dollhouse (feat. Lily-Rose Depp)
19%
Singles 2023 Double Fantasy (feat. Future)
19%
Dawn FM 12 Every Angel Is Terrifying
19%
Kiss Land 6 Live For (feat. Drake)
19%
Singles 2023 Fill the Void (feat. Lily-Rose Depp & Ramsey)
17%
Collaborations 2017 Lust For Life de Lana Del Rey
17%
Collaborations 2021 You Right de Dojo Cat
17%
Dawn FM 16 Phantom Regret by Jim
16%
Collaborations 2012 Crew Love de Drake
13%
Collaborations 2021 Hurricane de Kanye West (feat. Lil Baby)
13%
Singles 2023 False Idols (feat. Lil Baby & Suzanna Son)
11%
Singles 2020 King of The Fall
11%
Collaborations 2021 One Right Now de Post Malone
11%
Collaborations 2023 Another One Of Me de Diddy (feat. French Montana & 21 Savage)
9%
Hurry Up Tomorrow 11 Given Up To Me
9%
Collaborations 2020 Hawái de Maluma
9%
Singles 2023 Jealous Guy
9%
Singles 2022 Nothing Is Lost (You Give Me Strength)
9%
Collaborations 2020 Over Now de Calvin Harris
9%
Collaborations 2019 Power Is Power de SZA (feat. Travis Scott)
9%
Collaborations 2020 Smile de Juice WRLD
9%
Collaborations 2021 Better Believe de Belly (feat. Young Thug)
7%
Singles 2023 Family (feat. Suzanna Son)
7%
Singles 2023 Like a God
7%
Singles 2023 A Lesser Man
6%
Collaborations 2016 Nocturnal de Disclosure
6%
Collaborations 2013 One of Those Nights de Juicy J
4%
Collaborations 2012 Remember You de Wiz Khalifa
4%
Collaborations 2017 Some Way de Nav
4%
Singles 2023 The Lure (feat. Mike Dean)
4%
Collaborations 2019 Wake Up de Travis Scott
4%
Collaborations 2015 Might Not de Belly
3%
Collaborations 2016 Wonderful de Travis Scott
3%
Collaborations 2020 Christmas Blues de Sabrina Claudio
1%
Collaborations 2017 Curve de Gucci Mane
1%
Collaborations 2021 Die For It de Belly (feat. Nas)
1%
Collaborations 2013 Elastic Heart deSia (feat. Diplo)
1%
Kiss Land 12 Odd Look de Kavinsky (feat. The Weeknd)
1%
Collaborations 2018 What You Want de Belly
1%
Collaborations 2017 A Lie de French Montana (feat. Max B)
0%
Collaborations 2015 Drinks on Us de Mike Will Made It (feat. Swae Lee, Future)
0%
Collaborations 2014 Or Nah de Ty Dolla $ign (feat. Wiz Khalifa & Mustard)
0%
Collaborations 2016 Wild Love de Cashmere Cat (feat. Francis and the Lights)
0%
Aucun quiz correspondant
Distribution des résultats
% des personnes avec chaque résultat
Percentile par nombre de réponses
Votre historique - résultats
Vous n’avez pas pris ce quiz depuis la dernière actualisation